000 00833cad a22002295a 4500
001 L155113
008 120330s2011 xxk f 100 0 eng d
020 _a9781907842191
035 _a(Sirsi) u155113
041 0 _aeng
100 1 _aAuthor
111 2 _aConstruction and Building Research Conference
_cSchool of the Built Environment, University of Salford
_d12-13 September 2011
245 0 4 _aTemplate for COBRA 2011
_bsubtitle
_h[electronic resource]
260 _aLondon
_bRICS
_c2011
520 _aA paper presented at the COBRA Conference in Bradford on 12-13 September 2011.
590 _aKA
650 2 4 _aCONSTRUCTION AND BUILDING RESEARCH CONFERENCE (COBRA)
651 4 _aUnited Kingdom
_y
690 _al
856 4 0 _uhttps://www.rics.org/
_zView the item free of charge at the www.rics.org website.
942 _n0
999 _c113329
_d113329